000 00596nam a2200217Ia 4500
005 20241129104130.0
008 241129s9999||||xx |||||||||||||| ||und||
020 _a9780367747664
037 _aTextual
040 _aRTL
_beng
_cRTL
041 _aeng
_2eng
084 _aU47:(J3) R3
_qRTL
100 _aTrauger Amy
_9324601
245 0 _aGeographies of food and power
_cTrauger Amy
260 _aNew York
_bRoutledge
_c2023
300 _aix,199p.
365 _aINR
_b3357.39
650 _aFood Geographies
_9724910
942 _cTB
_hU47:(J3) R3
999 _c1224555
_d1224555